KEEMSTAR'S Minecraft Mondays Competitors Weeks 1-10 - Statistics

General Stats
  • This quiz has been taken 119 times
  • The average score is 28 of 108
Answer Stats
Times Played Name of Competitor % Correct
10 Technoblade
95%
10 Skeppy
86%
8 BadBoyHalo
84%
9 Vikkstar123
77%
6 James Charles
75%
10 BajanCanadian
66%
1 Dream
66%
10 CaptainSparklez
64%
6 xQc
64%
7 jschlatt
62%
1 PewDiePie
62%
1 Ninja
60%
5 CallMeCarson
59%
1 MrBeast
58%
5 Preston
58%
3 a6d
56%
10 JeromeASF
55%
6 m0xy
55%
9 Ph1LzA
55%
9 DanTDM
53%
3 iBallisticSquid
49%
9 JackSucksAtLife
49%
2 Wilbur Soot
49%
2 ShotGunRaids
48%
6 traves
45%
4 cscoop
44%
3 Chandler
41%
1 PeteZahHutt
41%
10 Dolan Dark
40%
10 Grandayy
40%
7 Fitz
38%
5 JunkyJanker
38%
1 FireBreathMan
34%
6 Aphmau
33%
4 DoniBobes
33%
5 SwaggerSouls
33%
4 AntVenom
32%
4 Chris02
32%
4 SkyDoesMinecraft
30%
1 Spifey
30%
8 ThinkNoodles
30%
3 Lachlan
29%
7 ConnorEatsPants
27%
4 Quackity
27%
1 MCmorganplayz
26%
1 needlexd
25%
3 BastiGHG
22%
2 Tyler1
22%
2 LazarBeam
21%
2 Woofless
21%
5 Dangthatsalongname
19%
6 Logdotzip
19%
4 iHasCupquake
18%
3 FitMC
16%
6 laurenzside
16%
1 Playur
16%
2 WillNE
16%
2 Greekgodx
14%
2 Landon
14%
2 heyimbee
12%
1 JaidenAnimations
12%
2 ZerkaaHD
12%
2 JustVurb
11%
2 PaymoneyWubby
11%
2 TedNivision
11%
1 leonlush
10%
2 Atozy
8%
1 Grapeapplesauce
8%
3 Niick28T
8%
1 Syndicate
8%
4 Yammy
8%
2 FaZe Ewok
7%
1 Forginal
7%
1 Joey Graceffa
7%
4 KYR_SP33DY
7%
1 Mithzan
7%
2 MrSavage
7%
3 NepentheZ
7%
1 RedVacktor
7%
2 DangerDennis
5%
1 H3CZ
5%
1 Izeeee
5%
1 MiniLaddd
5%
5 Papalatte
5%
1 Raven
5%
1 Rekt_DJ
5%
1 SB737
5%
4 SideArms
5%
1 TheCampingRusher
5%
1 AlexRamiGaming
4%
1 Ashley Marie
4%
1 erobb221
4%
3 FaZe Mongraal
4%
2 Mizkiff
4%
1 RageElixir
4%
1 Seapeekay
4%
2 SubZeroExtabyte
4%
1 BigMuscleMan
3%
2 FaZe H1ghSky1
3%
1 Kryoz
3%
1 mefreshasian
3%
3 Mitr0_
3%
1 Vader
3%
1 Buddha
1%
1 cowv1n
1%
1 dizzy12345
1%
1 Jon Bams
1%
1 Solalul
0%
No matching quizzes found
Score Distribution
Percent of People with Each Score
Percentile by Number Answered
Your Score History
You have not taken this quiz